[Event "?"]
[Site "?"]
[Date "2011.06.03"]
[Round "4.31"]
[White "Schäfer, Daniela"]
[Black "Dorst, Johannes"]
[Result "0-1"]
[WhiteElo "1946"]
[BlackElo "2162"]
[PlyCount "122"]
[EventDate "2011.??.??"]
[WhiteTeam "SF Deizisau"]
[BlackTeam "SK Marburg 1931/72"]

1. e4 e5 2. Nf3 Nc6 3. Bb5 a6 4. Ba4 Nf6 5. O-O Be7 6. Re1 b5 7. Bb3 O-O 8. c3
d6 9. h3 Na5 10. Bc2 c5 11. d4 Qc7 12. Nbd2 Re8 13. Nf1 h6 14. Ng3 Bf8 15. d5
g6 16. b3 Bg7 17. Bd2 Bd7 18. Qc1 Kh7 19. h4 Bg4 20. Nh2 Qe7 21. Bd1 Bd7 22. h5
Rg8 23. hxg6+ fxg6 24. Bc2 Ng4 25. Nxg4 Bxg4 26. f3 Bd7 27. Kf2 Raf8 28. Rh1 h5
29. Qg1 Bh6 30. Bxh6 Kxh6 31. Qh2 Qg5 32. Ke2 Kg7 33. Qh4 Qxh4 34. Rxh4 Nb7 35.
Bd3 Rc8 36. Bc2 a5 37. Rb1 Rc7 38. Rhh1 Kf6 39. Rhf1 h4 40. Nh1 g5 41. Nf2 Nd8
42. a4 b4 43. cxb4 cxb4 44. Bd3 Nb7 45. Rbc1 Rxc1 46. Rxc1 Nc5 47. Bc4 g4 48.
Rh1 gxf3+ 49. gxf3 Rh8 50. Nh3 Rh6 51. Ke3 Rg6 52. Nf2 Kg5 53. Rg1+ Kh5 54. Rh1
Rg3 55. Ke2 h3 56. Ke3 Kh4 57. Ke2 Rg2 58. Ke3 Kg3 59. Rf1 Rxf2 60. Rxf2 h2 61.
Rf1 Bh3 0-1

[Event "?"]
[Site "?"]
[Date "2011.06.03"]
[Round "4.32"]
[White "Marquardt, Patrick"]
[Black "Baskin, Robert"]
[Result "1/2-1/2"]
[WhiteElo "2031"]
[BlackElo "1940"]
[PlyCount "57"]
[EventDate "2011.??.??"]
[WhiteTeam "SG Donautal Tuttlingen"]
[BlackTeam "SAbt TuS Makkabi Ffm"]

1. e4 c5 2. Nf3 d6 3. d4 cxd4 4. Qxd4 a6 5. c4 Nc6 6. Qd2 g6 7. Nc3 Bg7 8. Be2
Nf6 9. O-O O-O 10. Rb1 Qa5 11. a3 Bg4 12. b4 Qd8 13. Ne1 Bxe2 14. Qxe2 Nd7 15.
Bb2 Rc8 16. Nc2 Nce5 17. Ne3 Nb6 18. c5 dxc5 19. Rfd1 Qe8 20. bxc5 Rxc5 21.
Ncd5 Nxd5 22. Nxd5 e6 23. Nb6 Rc7 24. f4 Nd7 25. Bxg7 Kxg7 26. Nxd7 Rxd7 27.
Qb2+ Kg8 28. Rxd7 Qxd7 29. Qxb7 1/2-1/2

[Event "?"]
[Site "?"]
[Date "2011.06.03"]
[Round "4.33"]
[White "Töws, Manuel"]
[Black "Braun, Rüdiger-Thomas"]
[Result "0-1"]
[WhiteElo "1938"]
[BlackElo "2030"]
[PlyCount "50"]
[EventDate "2011.??.??"]
[WhiteTeam "BG Buchen"]
[BlackTeam "SF Birkenfeld"]

1. e4 c5 2. Nf3 d6 3. d4 cxd4 4. Nxd4 Nf6 5. Nc3 a6 6. Bg5 Nbd7 7. f4 Qc7 8.
Qf3 h6 9. Bh4 g5 10. fxg5 hxg5 11. Bxg5 Qc5 12. Be3 Ne5 13. Qe2 Neg4 14. Bg1
Bh6 15. a3 Qb6 16. Rb1 Qc7 17. g3 Ne5 18. Be3 Bg4 19. Qd2 Bf3 20. Rg1 Bxe3 21.
Qxe3 Nfg4 22. Qf4 Qc5 23. Nxf3 Qf2+ 24. Kd1 Nxf3 25. Nd5 Qe1# 0-1

[Event "?"]
[Site "?"]
[Date "2011.06.03"]
[Round "4.34"]
[White "Grünert, Thomas"]
[Black "Pelezki, Eugen"]
[Result "0-1"]
[WhiteElo "1914"]
[BlackElo "2016"]
[PlyCount "80"]
[EventDate "2011.??.??"]
[WhiteTeam "SF Illingen"]
[BlackTeam "SV 1947 Wendlingen"]

1. d4 Nf6 2. Nf3 e6 3. e3 b6 4. Bd3 Bb7 5. Nbd2 Be7 6. b3 Na6 7. a3 c5 8. Bb2
cxd4 9. exd4 Nd5 10. O-O f5 11. Re1 O-O 12. c4 Nf4 13. Bf1 Nc7 14. b4 Bf6 15.
Qb3 Kh8 16. g3 Ng6 17. Ne5 Rb8 18. f4 d6 19. Nxg6+ hxg6 20. Bg2 Bxg2 21. Kxg2
g5 22. fxg5 Bxg5 23. Nf3 Bh6 24. c5 bxc5 25. dxc5 dxc5 26. Rxe6 Nxe6 27. Qxe6
Rb6 28. Qe2 Qe8 29. Ne5 Qa8+ 30. Kg1 cxb4 31. axb4 Qb7 32. Qh5 Kg8 33. Re1 Re6
34. Bc3 Qb6+ 35. Kg2 Be3 36. Qf3 f4 37. Re2 Bd4 38. Re4 Bxc3 39. Qxc3 f3+ 40.
Kf1 Qa6+ 0-1

[Event "?"]
[Site "?"]
[Date "2011.06.03"]
[Round "4.35"]
[White "Schmidt, Markus"]
[Black "Stitterich, Nadine"]
[Result "1-0"]
[WhiteElo "1816"]
[BlackElo "2015"]
[PlyCount "120"]
[EventDate "2011.??.??"]
[WhiteTeam "Stuttgarter SF 1879"]
[BlackTeam "SV Stuttgart-Wolfbusch 1956 e.V."]

1. e4 c5 2. Nf3 e6 3. c4 Nc6 4. d4 cxd4 5. Nxd4 Nf6 6. Nc3 Bb4 7. f3 a6 8. Nxc6
bxc6 9. Bd2 Qc7 10. Bd3 Bd6 11. g3 h5 12. Qe2 e5 13. Na4 c5 14. O-O-O Bb7 15.
Rhf1 Bc6 16. Nc3 Be7 17. Nd5 Bxd5 18. exd5 O-O-O 19. Qe1 Rde8 20. Ba5 Qb8 21.
Qc3 Bd6 22. Qc2 Re7 23. Rfe1 Ne8 24. Re3 Bc7 25. Qa4 Rh6 26. Bc3 Qb6 27. Rde1
f6 28. f4 d6 29. Bf5+ Kd8 30. Bd2 Rh8 31. Ra3 g6 32. Bxg6 Ng7 33. fxe5 Rxe5 34.
Rxe5 dxe5 35. Qxa6 Qxa6 36. Rxa6 Ke7 37. Ra7 Kd6 38. Be3 Ne8 39. Ra6+ Ke7 40.
Ra8 h4 41. g4 Rf8 42. Be4 Bd6 43. Ra7+ Kd8 44. Ra5 Ng7 45. Bxc5 Bxc5 46. Rxc5
f5 47. gxf5 Nxf5 48. Ra5 Ne3 49. Ra8+ Ke7 50. Rxf8 Kxf8 51. Bd3 e4 52. Be2 Ke7
53. Kd2 Ng2 54. h3 e3+ 55. Kd1 Kd6 56. Bf3 Nf4 57. b3 e2+ 58. Ke1 Nd3+ 59. Kxe2
Nc1+ 60. Kd2 Nxa2 1-0

[Event "?"]
[Site "?"]
[Date "2011.06.03"]
[Round "4.36"]
[White "Schuster, Gerhard"]
[Black "Fischer, Gerd"]
[Result "1-0"]
[WhiteElo "2015"]
[BlackElo "1950"]
[PlyCount "107"]
[EventDate "2011.??.??"]
[WhiteTeam "SC Feuerbach e. V."]
[BlackTeam "SC 1926 Haßloch"]

1. e4 e6 2. d4 d5 3. Nc3 Nf6 4. Bg5 Be7 5. e5 Nfd7 6. Bxe7 Qxe7 7. f4 O-O 8.
Nf3 c5 9. Bd3 f6 10. O-O cxd4 11. Nb5 Nc6 12. Qe2 f5 13. Nbxd4 Nc5 14. c3 Nxd3
15. Qxd3 Bd7 16. Kh1 Nxd4 17. Nxd4 Rac8 18. Rae1 Kh8 19. Re3 g6 20. Rh3 Rg8 21.
Rh6 Rcf8 22. Qh3 Rg7 23. g3 a6 24. Qh4 Qxh4 25. Rxh4 Kg8 26. g4 fxg4 27. Rxg4
g5 28. h4 h6 29. Kg2 gxf4 30. Kf3 Rxg4 31. Kxg4 Kh7 32. Rxf4 h5+ 33. Kf3 Rxf4+
34. Kxf4 Kg6 35. b3 b5 36. b4 Kh6 37. Nb3 Kg6 38. Nc5 Bc8 39. a3 Kh6 40. a4 Kg6
41. axb5 axb5 42. Nb3 Bd7 43. Na5 Bc8 44. Nc6 Bd7 45. Nd4 Kh6 46. Nf3 Kg6 47.
Ng1 Bc6 48. Ne2 Bd7 49. Ng3 Be8 50. Ke3 Kg7 51. Kd4 Kg6 52. Kc5 Bd7 53. Kd6 Bc8
54. Kc7 1-0

[Event "?"]
[Site "?"]
[Date "2011.06.03"]
[Round "4.37"]
[White "Altimira, Jordi"]
[Black "Mock, Oskar"]
[Result "0-1"]
[WhiteElo "1805"]
[BlackElo "1993"]
[PlyCount "96"]
[EventDate "2011.??.??"]
[WhiteTeam "SV Rottweil"]
[BlackTeam "Stuttgarter SF 1879"]

1. e4 d6 2. d4 Nf6 3. Nc3 g6 4. h3 Bg7 5. Be3 c6 6. Bc4 O-O 7. Bb3 b5 8. f3 a5
9. a3 Bb7 10. Qd2 e6 11. Bh6 Nxe4 12. Nxe4 Qh4+ 13. Ke2 Bxh6 14. g3 Qxe4+ 15.
fxe4 Bxd2 16. Kxd2 c5 17. Re1 cxd4 18. Nf3 Nc6 19. Rhf1 h6 20. e5 Rfd8 21. h4
Ba6 22. Rf2 a4 23. Ba2 b4 24. exd6 Rxd6 25. Ne5 Nxe5 26. Rxe5 bxa3 27. bxa3 Rb8
28. Rc5 d3 29. Rf6 Rb2 30. Rc7 Rxc2+ 31. Rxc2 dxc2+ 32. Kxc2 Bd3+ 33. Kc3 Bf5
34. g4 Kg7 35. g5 hxg5 36. hxg5 Rd3+ 37. Kb4 Rd4+ 38. Kc5 Rg4 39. Kd6 Rxg5 40.
Ke7 Rg3 41. Rxf7+ Kh6 42. Kf6 Rf3 43. Ke5 Kg5 44. Re7 Rxa3 45. Bc4 Ra1 46. Rb7
a3 47. Rb3 Re1+ 48. Kd6 a2 0-1

[Event "?"]
[Site "?"]
[Date "2011.06.03"]
[Round "4.38"]
[White "Stierle, Martin"]
[Black "Nicolai, Alexander"]
[Result "1-0"]
[WhiteElo "1977"]
[BlackElo "1936"]
[PlyCount "69"]
[EventDate "2011.??.??"]
[WhiteTeam "SG Donautal Tuttlingen"]
[BlackTeam "SV 1947 Wendlingen"]

1. d4 g6 2. c4 Bg7 3. Nc3 c5 4. d5 Bxc3+ 5. bxc3 d6 6. e4 f5 7. exf5 Bxf5 8.
Bd3 Bxd3 9. Qxd3 Nd7 10. Nf3 Ne5 11. Nxe5 dxe5 12. Bg5 Qd6 13. O-O Nf6 14. f4
O-O-O 15. Qh3+ Rd7 16. Rae1 e4 17. Bxf6 exf6 18. Rxe4 f5 19. Re6 Qf8 20. Qe3 b6
21. Re1 Kb7 22. Qe5 Qb8 23. Re7 Rhd8 24. Rxd7+ Rxd7 25. Kf2 Qd8 26. g3 Ka6 27.
Qe6 Rd6 28. Qe7 Qxe7 29. Rxe7 Rd8 30. Ke3 b5 31. Kd3 Kb6 32. Re5 Rd7 33. Re6+
Ka5 34. Rc6 Ka4 35. Ra6# 1-0

[Event "?"]
[Site "?"]
[Date "2011.06.03"]
[Round "4.39"]
[White "Schnepel, Thomas"]
[Black "Mendzigall, Martin"]
[Result "1/2-1/2"]
[WhiteElo "1964"]
[BlackElo "1928"]
[PlyCount "57"]
[EventDate "2011.??.??"]
[WhiteTeam "SC Pforzheim 1906"]
[BlackTeam "SC Mühlacker 1923 e.V."]

1. e4 e5 2. Bc4 Nf6 3. d4 exd4 4. Nf3 Nc6 5. e5 d5 6. Bb5 Nd7 7. Bxc6 bxc6 8.
e6 fxe6 9. Nxd4 Qf6 10. O-O e5 11. Qe2 Bc5 12. Nf3 O-O 13. c3 e4 14. Nd4 Bxd4
15. cxd4 Qxd4 16. Be3 Qe5 17. Nc3 a5 18. Rfd1 Ba6 19. Qd2 Bd3 20. g3 Nf6 21.
Bc5 Rf7 22. Ne2 Rb8 23. Bd4 Qe7 24. Rac1 Qb4 25. Bc3 Qb6 26. Bd4 Qb4 27. Bc3
Qb6 28. Bd4 Qb4 29. Bc3 1/2-1/2

[Event "?"]
[Site "?"]
[Date "2011.06.03"]
[Round "4.40"]
[White "Lube, Manfred"]
[Black "Kreiter, Thomas"]
[Result "1/2-1/2"]
[WhiteElo "1903"]
[BlackElo "1962"]
[PlyCount "70"]
[EventDate "2011.??.??"]
[WhiteTeam "SGem Vaihingen-Rohr"]
[BlackTeam "SC Tamm 74"]

1. c4 Nf6 2. Nc3 g6 3. g3 Bg7 4. Bg2 O-O 5. d3 d6 6. Nf3 Nc6 7. O-O e5 8. e4 a5
9. h3 Nd7 10. Nd5 Nc5 11. Bg5 f6 12. Be3 b6 13. Rb1 Nb4 14. Nxb4 axb4 15. Ra1
Ra7 16. a3 f5 17. exf5 Bxf5 18. d4 e4 19. Ne1 Nd7 20. axb4 Rxa1 21. Qxa1 b5 22.
cxb5 d5 23. Nc2 Nb6 24. b3 h5 25. Qc1 Qd7 26. Kh2 Qxb5 27. Qd2 Rf7 28. Rd1 Bf8
29. Bf1 Qd7 30. h4 Bd6 31. Ra1 Qe7 32. Bg5 Qf8 33. b5 Bg4 34. Bg2 Bf3 35. Bh3
Bg4 1/2-1/2

[Event "?"]
[Site "?"]
[Date "2011.06.03"]
[Round "4.41"]
[White "Kaplunov, Vadym"]
[Black "Mayer, Christian"]
[Result "1-0"]
[WhiteElo "1961"]
[BlackElo "1851"]
[PlyCount "59"]
[EventDate "2011.??.??"]
[WhiteTeam "Stuttgarter SF 1879"]
[BlackTeam "Stuttgarter SF 1879"]

1. d4 Nf6 2. c4 e6 3. Nf3 b6 4. g3 Bb7 5. Bg2 Bb4+ 6. Nbd2 O-O 7. O-O d5 8. Ne5
Nbd7 9. cxd5 exd5 10. Ndf3 Bd6 11. Bg5 Re8 12. Nxd7 Qxd7 13. Bxf6 gxf6 14. Qd2
Ba6 15. Rfe1 Qb5 16. Qh6 Qxb2 17. Qxf6 Be7 18. Qf5 Bb7 19. e3 f6 20. Nh4 Rad8
21. Qe6+ Kf8 22. Qf5 Kg8 23. Qg4+ Kh8 24. Nf5 Bf8 25. Qh5 Kg8 26. Qg4+ Kh8 27.
Rac1 c6 28. Qh5 Kg8 29. Qh4 Bg7 30. Qg4 1-0

[Event "?"]
[Site "?"]
[Date "2011.06.03"]
[Round "4.42"]
[White "Zeh, Rolf"]
[Black "Müller, Kai-Markus"]
[Result "0-1"]
[WhiteElo "1953"]
[BlackElo "1901"]
[PlyCount "86"]
[EventDate "2011.??.??"]
[WhiteTeam "SV 23 Böckingen"]
[BlackTeam "SV Backnang"]

1. d4 Nf6 2. Nf3 d5 3. e3 Bf5 4. c4 c6 5. cxd5 cxd5 6. Bd3 Bxd3 7. Qxd3 Nc6 8.
O-O e6 9. Nc3 a6 10. Bd2 Bd6 11. Rac1 O-O 12. Rfe1 Nb4 13. Qe2 Ne4 14. a3 Nc6
15. Qd3 f5 16. Na4 g5 17. g3 Rf6 18. Nc5 Qe7 19. Qc2 g4 20. Nh4 Rc8 21. Nxe4
fxe4 22. Bc3 Rh6 23. Kf1 Rxh4 24. gxh4 Qxh4 25. Re2 Na5 26. Qa4 Qxh2 27. Ke1
Qh1+ 28. Kd2 Nc4+ 29. Kc2 Qf3 30. Rce1 Rc6 31. Kb1 h5 32. Bb4 Bc7 33. Qd1 h4
34. Rc2 h3 35. Qxf3 exf3 36. Rg1 Nxe3 37. Rxc6 bxc6 38. Be1 Ng2 39. Kc2 Kg7 40.
Kd3 Kg6 41. b4 Kf5 42. Rh1 Nf4+ 43. Kc3 Bb6 0-1

[Event "?"]
[Site "?"]
[Date "2011.06.03"]
[Round "4.43"]
[White "Körber, Thomas"]
[Black "Giricz, Thomas"]
[Result "1/2-1/2"]
[WhiteElo "1961"]
[BlackElo "1840"]
[PlyCount "39"]
[EventDate "2011.??.??"]
[WhiteTeam "SF Fürth 1951 e.V."]
[BlackTeam "VfL Sindelfingen"]

1. Nf3 Nf6 2. g3 g6 3. d4 Bg7 4. Bg2 d6 5. O-O O-O 6. c4 a6 7. Nc3 Nbd7 8. e4
c5 9. h3 cxd4 10. Nxd4 Qc7 11. Nd5 Nxd5 12. cxd5 b5 13. Be3 Ne5 14. b3 b4 15.
Qd2 a5 16. f4 Nd7 17. Rac1 Qb7 18. Rc2 Nc5 19. Rfc1 Bd7 20. Kh2 1/2-1/2

[Event "?"]
[Site "?"]
[Date "2011.06.03"]
[Round "4.44"]
[White "Osmanovic, Faruk"]
[Black "Meinecke, Klaus-Hinrich"]
[Result "1-0"]
[WhiteElo "2093"]
[BlackElo "1806"]
[PlyCount "47"]
[EventDate "2011.??.??"]
[WhiteTeam "SC Blau.Turm Bad Wimpfen"]
[BlackTeam "SAbt TSV Münchingen"]

1. e4 c5 2. Nf3 d6 3. d4 cxd4 4. Nxd4 Nf6 5. Nc3 Nc6 6. Bg5 Nxd4 7. Qxd4 e5 8.
Qd2 h6 9. Bb5+ Bd7 10. Bxd7+ Qxd7 11. Bxf6 gxf6 12. Nd5 Bg7 13. O-O O-O-O 14.
a4 Kb8 15. a5 f5 16. f3 f4 17. Ra3 Rhg8 18. Rfa1 Bh8 19. Rb3 Rg6 20. a6 b6 21.
Nxb6 axb6 22. Rxb6+ Ka8 23. Qd5+ Ka7 24. Rb7+ 1-0

[Event "?"]
[Site "?"]
[Date "2011.06.03"]
[Round "4.45"]
[White "Kean, Christopher"]
[Black "Schaffert, Walter"]
[Result "0-1"]
[WhiteElo "1791"]
[BlackElo "1944"]
[PlyCount "54"]
[EventDate "2011.??.??"]
[WhiteTeam "SC Leinfelden"]
[BlackTeam "SG Ludwigsburg 1919"]

1. c4 e6 2. g3 c5 3. Bg2 Nf6 4. Nc3 Be7 5. e4 d6 6. Nge2 O-O 7. d3 Nc6 8. h3 a6
9. Be3 Rb8 10. a4 b6 11. e5 Nxe5 12. O-O Bb7 13. f4 Nc6 14. g4 d5 15. g5 d4 16.
gxf6 Bxf6 17. Bf2 dxc3 18. bxc3 Ne7 19. d4 Bxg2 20. Kxg2 cxd4 21. cxd4 Nf5 22.
Kh2 Rb7 23. Ra3 Rd7 24. Rd3 Qc7 25. d5 Qxc4 26. Bxb6 Rxd5 27. Rxd5 exd5 0-1

[Event "?"]
[Site "?"]
[Date "2011.06.03"]
[Round "4.46"]
[White "Reder, Erik"]
[Black "Enders, Philipp"]
[Result "1/2-1/2"]
[WhiteElo "1920"]
[BlackElo "1794"]
[PlyCount "85"]
[EventDate "2011.??.??"]
[WhiteTeam "SK e4 Gerlingen"]
[BlackTeam "SV Hockenheim"]

1. c4 Nf6 2. g3 g6 3. Bg2 Bg7 4. Nc3 O-O 5. e4 d6 6. Nge2 c5 7. O-O Nc6 8. d3
Bd7 9. h3 Rb8 10. a3 Nd4 11. Rb1 b5 12. Nxd4 cxd4 13. Nxb5 Qb6 14. a4 a6 15.
Na3 Qb3 16. Qxb3 Rxb3 17. Rd1 Bxa4 18. Bf3 Rfb8 19. Ra1 R3b6 20. Re1 Nd7 21. c5
Nxc5 22. Nc4 Nxd3 23. Bd2 Nxe1 24. Bxe1 Bb5 25. Nxb6 Rxb6 26. Rc1 Rc6 27. Bd2
Kf8 28. Rxc6 Bxc6 29. Be2 Bb5 30. Bxb5 axb5 31. Kf1 f5 32. f3 Kf7 33. b3 d3 34.
Ke1 Be5 35. g4 Bd4 36. Bg5 Bc3+ 37. Kd1 fxe4 38. fxe4 e5 39. Be3 Ke6 40. Bd2 b4
41. Be3 d5 42. exd5+ Kxd5 43. Bg5 1/2-1/2

[Event "?"]
[Site "?"]
[Date "2011.06.03"]
[Round "4.47"]
[White "Boyarchenko, Vlada"]
[Black "Rautenberg, Uwe"]
[Result "0-1"]
[WhiteElo "1674"]
[BlackElo "1941"]
[PlyCount "94"]
[EventDate "2011.??.??"]
[BlackTeam "SC Ingersheim e.V."]

1. e4 Nc6 2. d4 d5 3. e5 Bf5 4. c3 f6 5. f4 e6 6. Nf3 Qd7 7. Bd3 Nge7 8. Bxf5
Nxf5 9. g4 Nfe7 10. Be3 O-O-O 11. Nbd2 h5 12. gxh5 Nf5 13. Qe2 Qe8 14. O-O-O
Qxh5 15. Bf2 fxe5 16. fxe5 g5 17. Nb3 Be7 18. Rde1 Rdf8 19. Nfd2 g4 20. Bg3 Qg6
21. Reg1 Rfg8 22. Bf4 Rh3 23. Nf1 Nh4 24. Ne3 Qf7 25. Rxg4 Rf3 26. Rxg8+ Qxg8
27. Bg3 Bg5 28. Bf2 Qf7 29. Bg1 Qf4 30. Nd2 Rxe3 31. Bxe3 Qxe3 32. Qxe3 Bxe3
33. Kc2 Ne7 34. Rf1 Nef5 35. Kd3 b6 36. Nf3 Ng6 37. Ne1 Nf4+ 38. Kc2 c5 39. Nd3
Ng2 40. Ne1 Nxe1+ 41. Rxe1 cxd4 42. cxd4 Bxd4 43. b3 a5 44. Kd3 Kd7 45. Re2 b5
46. Kd2 b4 47. Ke1 Nh4 0-1

[Event "?"]
[Site "?"]
[Date "2011.06.03"]
[Round "4.48"]
[White "Engelhardt, Frank"]
[Black "Santos, Paulo"]
[Result "0-1"]
[WhiteElo "1917"]
[BlackElo "1890"]
[PlyCount "84"]
[EventDate "2011.??.??"]
[WhiteTeam "SC Schachmatt Botnang"]
[BlackTeam "SC Lechhausen"]

1. e4 e5 2. Nf3 Nc6 3. Bb5 a6 4. Ba4 Nf6 5. O-O Nxe4 6. d4 b5 7. Bb3 d5 8. dxe5
Be6 9. c3 Bc5 10. Qe2 O-O 11. Nbd2 Nxf2 12. Rxf2 f6 13. Kh1 Bxf2 14. Qxf2 fxe5
15. Qe3 e4 16. Nxe4 dxe4 17. Bxe6+ Kh8 18. Nd2 Qf6 19. Bd5 Rad8 20. Bxc6 Qxc6
21. h3 Rd3 22. Qe2 Qd5 23. a4 e3 24. Nf3 Rd1+ 25. Kh2 Qd6+ 26. g3 Qd5 27. Kg2
bxa4 28. Qxe3 Rd3 29. c4 Qxf3+ 30. Qxf3 Rfxf3 31. Bf4 a3 32. Re1 Kg8 33. bxa3
Rxa3 34. Bxc7 Rfe3 35. Rf1 Ra2+ 36. Kh1 Rae2 37. c5 Re1 38. Kg1 Rxf1+ 39. Kxf1
Kf7 40. Kf2 Rc3 41. Ke2 Rxc5 42. Bd6 Rd5 0-1

[Event "?"]
[Site "?"]
[Date "2011.06.03"]
[Round "4.49"]
[White "Recker, Martin"]
[Black "Feller, Florian"]
[Result "1/2-1/2"]
[WhiteElo "1912"]
[BlackElo "1986"]
[PlyCount "69"]
[EventDate "2011.??.??"]
[WhiteTeam "SF Freiberg"]
[BlackTeam "SGem Vaihingen-Rohr"]

1. d4 Nf6 2. Nf3 e6 3. g3 b6 4. Bg2 Bb7 5. O-O d5 6. c4 Be7 7. cxd5 exd5 8. Nc3
O-O 9. Bf4 c5 10. Qb3 c4 11. Qc2 Nc6 12. Rad1 Bb4 13. Bg5 Bxc3 14. bxc3 b5 15.
Rb1 Ba6 16. Ne5 Ne7 17. Bh3 Qd6 18. Bf4 Qd8 19. f3 Rb8 20. e4 Bc8 21. Bg2 Be6
22. Rb2 b4 23. Nxc4 dxc4 24. Bxb8 b3 25. axb3 cxb3 26. Qd1 Qxb8 27. d5 Nexd5
28. exd5 Nxd5 29. Qxb3 Qxb3 30. Rxb3 Ne3 31. Ra3 Nxf1 32. Bxf1 Rc8 33. Rxa7
Rxc3 34. Ra8+ Rc8 35. Rxc8+ 1/2-1/2

[Event "?"]
[Site "?"]
[Date "2011.06.03"]
[Round "4.50"]
[White "Rudhart, Michael"]
[Black "Pietzka, Martin"]
[Result "1/2-1/2"]
[WhiteElo "1905"]
[BlackElo "1863"]
[PlyCount "105"]
[EventDate "2011.??.??"]
[WhiteTeam "SV Stuttgart-Wolfbusch 1956 e.V."]
[BlackTeam "SV Nürtingen 1920"]

1. Nc3 d5 2. e4 d4 3. Nce2 e5 4. Ng3 c5 5. Nf3 Qc7 6. Bc4 Be7 7. d3 Nf6 8. O-O
O-O 9. h3 a6 10. a4 Nc6 11. Bd2 Rb8 12. c3 h6 13. cxd4 cxd4 14. Qc2 Bd6 15.
Rfc1 Qe7 16. Qd1 Bd7 17. Nh4 Kh7 18. Nhf5 Bxf5 19. Nxf5 Qd7 20. Qb3 Bc7 21. Qc2
Ba5 22. Ba2 Rfc8 23. Qd1 Nb4 24. Bxb4 Bxb4 25. Qb3 Bd2 26. Rd1 Ba5 27. Qxf7
Qxf7 28. Bxf7 Rc2 29. Rab1 Bb4 30. Bb3 Rc7 31. Nh4 g6 32. Nf3 Rc5 33. Rdc1 Rbc8
34. Rxc5 Rxc5 35. Kf1 g5 36. Ke2 a5 37. g3 b6 38. Bd1 Kg7 39. Kf1 Kf7 40. Kg2
Ke7 41. Ng1 Rc8 42. Ne2 Bd2 43. Bb3 h5 44. Rd1 Bb4 45. f4 gxf4 46. gxf4 Bd6 47.
fxe5 Bxe5 48. Rf1 Rc7 49. Rf5 Kd6 50. Kf3 Rg7 51. Nf4 h4 52. Ne2 Rg6 53. Bc4
1/2-1/2

[Event "?"]
[Site "?"]
[Date "2011.06.03"]
[Round "5.1"]
[White "Ovsejevitsch, Sergei"]
[Black "Korneev, Oleg"]
[Result "1/2-1/2"]
[WhiteElo "2585"]
[BlackElo "2573"]
[PlyCount "39"]
[EventDate "2011.??.??"]
[WhiteTeam "SK Gau-Algesheim"]

1. d4 d5 2. c4 e6 3. Nf3 Nf6 4. Nc3 Be7 5. Bg5 h6 6. Bh4 O-O 7. e3 Ne4 8. Bxe7
Qxe7 9. Rc1 c6 10. Bd3 Nxc3 11. Rxc3 Nd7 12. O-O e5 13. dxe5 dxc4 14. Rxc4 Nxe5
15. Re4 Nxf3+ 16. Qxf3 Be6 17. Bc4 Rad8 18. Bxe6 fxe6 19. Qg4 Rd6 20. Rd4
1/2-1/2

[Event "?"]
[Site "?"]
[Date "2011.06.03"]
[Round "5.2"]
[White "Ikonnikov, Viacheslav"]
[Black "Graf, Felix"]
[Result "1/2-1/2"]
[WhiteElo "2557"]
[BlackElo "2318"]
[PlyCount "138"]
[EventDate "2011.??.??"]
[WhiteTeam "SK 1879 HD-Handschuhsheim"]
[BlackTeam "FC Bayern München e.V."]

1. Nf3 Nf6 2. c4 e6 3. g3 d5 4. Bg2 Be7 5. O-O O-O 6. d4 c6 7. b3 b6 8. Bb2
Nbd7 9. Nbd2 Bb7 10. Ne5 Rc8 11. a3 Qc7 12. Rc1 Qb8 13. Nxd7 Nxd7 14. e4 Qa8
15. Re1 Rfe8 16. b4 Bf8 17. c5 a5 18. Bh3 Ba6 19. exd5 cxd5 20. Qa4 Qc6 21.
Qxc6 Rxc6 22. Re3 Rb8 23. Ba1 g6 24. Rb3 axb4 25. axb4 Bb5 26. Ra3 Bh6 27. Bc3
bxc5 28. bxc5 Ra6 29. Rxa6 Bxa6 30. Ra1 Bb5 31. f4 Bg7 32. Ra3 Rc8 33. Nf3 Nb8
34. Ra8 Bc6 35. Ra7 Bb5 36. Ra5 Bd7 37. Ra7 Bb5 38. Ng5 Bd7 39. Bf1 Be8 40. Nf3
Nc6 41. Rb7 Rb8 42. Rb6 Rxb6 43. cxb6 Nd8 44. Bb4 Bf8 45. Bxf8 Kxf8 46. Ba6 Ke7
47. b7 Nc6 48. Bb5 Nb8 49. Bxe8 Kxe8 50. g4 Kd8 51. Ng5 Kc7 52. Kf2 Nc6 53.
Nxh7 Nxd4 54. h4 Kxb7 55. Ng5 f6 56. h5 gxh5 57. gxh5 Nf5 58. Nxe6 Kc8 59. Nd4
Nh6 60. Ke3 Kd7 61. Kd3 Kd6 62. Kc2 Ke7 63. Kc3 Kf7 64. Kb4 Ng4 65. Nf5 Nf2 66.
Nd6+ Kg8 67. Kc5 Nd3+ 68. Kxd5 Nxf4+ 69. Ke4 Nxh5 1/2-1/2

[Event "?"]
[Site "?"]
[Date "2011.06.03"]
[Round "5.3"]
[White "Reich, Thomas"]
[Black "Teske, Henrik"]
[Result "1/2-1/2"]
[WhiteElo "2381"]
[BlackElo "2534"]
[PlyCount "31"]
[EventDate "2011.??.??"]
[WhiteTeam "FC Bayern München e.V."]
[BlackTeam "SC 1950 Remagen"]

1. d4 d5 2. c4 e6 3. Nf3 Nf6 4. cxd5 exd5 5. Nc3 Bb4 6. Bg5 O-O 7. e3 h6 8. Bh4
Nbd7 9. Rc1 c6 10. Bd3 Re8 11. O-O Be7 12. Bg3 Qb6 13. Na4 Qd8 14. Nc3 Qb6 15.
Na4 Qd8 16. Nc3 1/2-1/2

[Event "?"]
[Site "?"]
[Date "2011.06.03"]
[Round "5.4"]
[White "Neyman, Igor"]
[Black "Dobosz, Henryk"]
[Result "1/2-1/2"]
[WhiteElo "2262"]
[BlackElo "2396"]
[PlyCount "24"]
[EventDate "2011.??.??"]
[WhiteTeam "SGem Vaihingen-Rohr"]
[BlackTeam "BG Buchen"]

1. d4 d5 2. c4 c6 3. Nf3 Nf6 4. Nc3 g6 5. cxd5 cxd5 6. Bf4 Nc6 7. e3 Bg7 8. Bd3
O-O 9. h3 b6 10. O-O Bb7 11. Qe2 Nb4 12. Bb5 a6 1/2-1/2

[Event "?"]
[Site "?"]
[Date "2011.06.03"]
[Round "5.5"]
[White "Lobzhanidze, Davit"]
[Black "Bräunlin, Klaus"]
[Result "1-0"]
[WhiteElo "2474"]
[BlackElo "2147"]
[PlyCount "59"]
[EventDate "2011.??.??"]
[WhiteTeam "SV 1920 Hofheim"]
[BlackTeam "SV Trossingen"]

1. e4 c6 2. d4 d5 3. e5 Bf5 4. Nf3 e6 5. Be2 Nd7 6. O-O Bg6 7. Nbd2 f6 8. Nb3
Bf7 9. Re1 Be7 10. c4 f5 11. cxd5 cxd5 12. Bd2 Nh6 13. Bxh6 gxh6 14. Qd2 O-O
15. Qxh6 Kh8 16. h4 Rg8 17. Ng5 Bxg5 18. hxg5 Rxg5 19. Rac1 Qg8 20. Bf3 Rg6 21.
Qh4 Rg5 22. Rc7 Be8 23. Rec1 Nb6 24. Rxh7+ Qxh7 25. Qxg5 Nc4 26. Qf6+ Kg8 27.
Qxe6+ Bf7 28. Qf6 Re8 29. Nc5 b6 30. e6 1-0

[Event "?"]
[Site "?"]
[Date "2011.06.03"]
[Round "5.6"]
[White "Kabisch, Thilo"]
[Black "Braun, Georg"]
[Result "1-0"]
[WhiteElo "2291"]
[BlackElo "2121"]
[PlyCount "73"]
[EventDate "2011.??.??"]
[WhiteTeam "SK Schmiden/Cannstatt"]
[BlackTeam "SK Bebenhausen 1992"]

1. e4 c5 2. Nf3 d6 3. d4 cxd4 4. Nxd4 Nf6 5. Nc3 a6 6. Bc4 e6 7. a3 b5 8. Ba2
Bb7 9. O-O Nbd7 10. Bg5 Rc8 11. Kh1 h6 12. Bh4 g5 13. Bg3 Rxc3 14. bxc3 Nxe4
15. c4 h5 16. f3 Nxg3+ 17. hxg3 h4 18. g4 Qf6 19. cxb5 axb5 20. Rb1 Bg7 21. c3
Qf4 22. Qc1 Qg3 23. Qe1 Qf4 24. Ne2 Qe3 25. Ng1 Qc5 26. Nh3 Bc6 27. Qd2 Bf6 28.
Rbc1 Qxa3 29. c4 bxc4 30. Bxc4 Ne5 31. Be2 Ke7 32. Nxg5 h3 33. Nxh3 Nxg4 34.
Rxc6 Ne3 35. Rc7+ Kf8 36. Rc8+ Ke7 37. Rc7+ 1-0

[Event "?"]
[Site "?"]
[Date "2011.06.03"]
[Round "5.7"]
[White "Gustain, Marc"]
[Black "Günthner, Oliver"]
[Result "0-1"]
[WhiteElo "2101"]
[BlackElo "2276"]
[PlyCount "74"]
[EventDate "2011.??.??"]
[WhiteTeam "SF Deizisau"]
[BlackTeam "SK Neuhausen"]

1. e4 c5 2. Nf3 d6 3. d4 cxd4 4. Nxd4 Nf6 5. Nc3 a6 6. Bg5 Nbd7 7. f4 e6 8. Qf3
h6 9. Bxf6 Nxf6 10. O-O-O Qc7 11. g4 b5 12. Bxb5+ axb5 13. Ndxb5 Qc6 14. g5
hxg5 15. fxg5 Nd7 16. g6 f6 17. Nd4 Ne5 18. Qg3 Qb7 19. Ndb5 Ra6 20. Rhf1 Rh6
21. Rd4 Rxg6 22. Qh3 Rh6 23. Qg2 Bd7 24. a4 Kf7 25. Rfd1 Qb8 26. Rb4 Kg8 27.
Qe2 Nc6 28. Rb3 Rb6 29. Qd2 Be8 30. Nxd6 Rxb3 31. cxb3 Bh5 32. Nf5 exf5 33. Rg1
Kh8 34. Qd7 Ne5 35. Qxf5 Bg6 36. Qe6 Bf7 37. Qf5 Qxb3 0-1